| 000 | 00783nas a2200265 4500 | ||
|---|---|---|---|
| 001 | BR0706116 | ||
| 003 | BR-BrBNA | ||
| 005 | 20231205111243.0 | ||
| 007 | ta | ||
| 008 | 230509b bl.|||p| |||| 00| 00por d | ||
| 040 |
_aBR-BrBNA _bpor _cBiblioteca Nacional de Agricultura |
||
| 041 | _a(Pt) | ||
| 072 | _aL70 | ||
| 100 | 1 | _aMoraes, S. de | |
| 100 | 1 | _aCarvalho, F.V. de | |
| 245 | 1 | _aBloqueio neuromuscular induzido pela injeção intravascular de cobalto (nota prévia) | |
| 650 | _aCOBAIA | ||
| 650 | _aCOBALTO | ||
| 650 | _aINJEÇÃO | ||
| 650 | _aVEIA | ||
| 650 | _aNERVO | ||
| 773 | 0 |
_tRevista da Faculdade de Medicina Veterinária _xISSN 0301-7273 _g(1966-1967), v. 7(3) p. 651-654 _wBR0706116 |
|
| 909 |
_a202311 _bLúcia _c55 _dLúcia Elande |
||
| 942 |
_2AGRIS _n0 _cANA |
||
| 999 |
_c191642 _d191642 |
||